Pablo Picasso /

Bibliographic Details
Main Author: Raboff, Ernest Lloyd
Format: Book
Language:English
Published: Garden City, N.Y. : Doubleday, 1968.
Series:Art for children.
Subjects:

MARC

Tag First Indicator Second Indicator Subfields
LEADER 00000cam a22000001a 4500
001 in00000071090
005 20151008062042.0
008 710401s1968 nyua j 00010bengm
010 |a  68026551  
020 |a 0385049242 
020 |a 0385051158 
035 |a (OCoLC)00448233 
035 |9 AAJ9414AM 
040 |a DLC  |c DLC  |d m.c.  |d TXA  |d UtOrBLW 
049 |a [Curr Col] TXAM  |c [1560703] 
050 0 0 |a ND553.P5  |b R24 
082 0 |a 709/.24 (j) 
100 1 |a Raboff, Ernest Lloyd. 
245 1 0 |a Pablo Picasso /  |c by Ernest Raboff. 
264 1 |a Garden City, N.Y. :  |b Doubleday,  |c 1968. 
300 |a 30 unnumbered pages :  |b illustrations (some color) ;  |c 29 cm. 
336 |a text  |b txt  |2 rdacontent 
337 |a unmediated  |b n  |2 rdamedia 
338 |a volume  |b nc  |2 rdacarrier 
490 1 |a Art for children 
490 0 |a A Gemini-Smith book 
600 1 0 |a Picasso, Pablo,  |d 1881-1973  |x Juvenile literature. 
830 0 |a Art for children. 
999 |a MARS 
999 f f |s 9eb7787b-5465-37f0-942c-29f8751309e7  |i 7f925366-51dd-3af7-8723-8d2ec9d39561  |t 0 
952 f f |p ric  |a Texas A&M University  |b Rellis Campus  |c Joint Library Facility  |d Remote Storage  |t 0  |e ND553.P5 R24  |h Library of Congress classification  |i unmediated -- volume  |m A14806054703 
998 f f |a ND553.P5 R24  |t 0  |l Remote Storage